Top 9 des langues les plus facile à apprendre - Statistiques

Statistiques générales
  • Ce quiz a été pris 535 fois
  • Le résultat moyen est 4 sur 9
Statistiques - réponses
Rang Langues % Correct
1- Anglais
98%
2- Espagnol
96%
3- Italien
84%
6- Portugais
77%
8- Esperanto
15%
5- Swahili
7%
4- Afrikaans
5%
7- Quechua
2%
9- Lojban
1%
Aucun quiz correspondant
Distribution des résultats
% des personnes avec chaque résultat
Percentile par nombre de réponses
Votre historique - résultats
Vous n’avez pas pris ce quiz